Nurses' handbook of health assessment / (Record no. 115177)
[ view plain ]
| 000 -LEADER | |
|---|---|
| fixed length control field | 00866pam a2200277 a 4500 |
| 008 - FIXED-LENGTH DATA ELEMENTS--GENERAL INFORMATION | |
| fixed length control field | |
| 020 ## - INTERNATIONAL STANDARD BOOK NUMBER | |
| International Standard Book Number | 0397549385 (spiral bound) |
| 049 ## - LOCAL HOLDINGS (OCLC) | |
| Holding library | MAIN |
| 050 00 - LIBRARY OF CONGRESS CALL NUMBER | |
| Classification number | RT48 NUR |
| 003 - CONTROL NUMBER IDENTIFIER | |
| control field | |
| 005 - DATE AND TIME OF LATEST TRANSACTION | |
| control field | 20230120204006.0 |
| 040 ## - CATALOGING SOURCE | |
| Transcribing agency | NUST |
| 245 00 - TITLE STATEMENT | |
| Title | Nurses' handbook of health assessment / |
| Statement of responsibility, etc. | [edited by] Janet Weber. |
| 250 ## - EDITION STATEMENT | |
| Edition statement | 2nd ed. |
| 260 ## - PUBLICATION, DISTRIBUTION, ETC. | |
| Place of publication, distribution, etc. | Philadelphia : |
| Name of publisher, distributor, etc. | Lippincott, |
| Date of publication, distribution, etc. | 1993. |
| 300 ## - PHYSICAL DESCRIPTION | |
| Extent | xv, 457 p. : |
| Other physical details | ill. (some col.) ; |
| Dimensions | 19 cm. |
| 504 ## - BIBLIOGRAPHY, ETC. NOTE | |
| Bibliography, etc. note | Includes bibliographical references: p. 440-442. |
| 500 ## - GENERAL NOTE | |
| General note | Includes index. |
| 650 #0 - SUBJECT ADDED ENTRY--TOPICAL TERM | |
| Topical term or geographic name entry element | Nursing assessment |
| Form subdivision | Handbooks, manuals, etc. |
| 650 #2 - SUBJECT ADDED ENTRY--TOPICAL TERM | |
| Topical term or geographic name entry element | Nursing Assessment |
| General subdivision | handbooks. |
| 650 #2 - SUBJECT ADDED ENTRY--TOPICAL TERM | |
| Topical term or geographic name entry element | Physical Examination |
| General subdivision | handbooks. |
| 700 1# - ADDED ENTRY--PERSONAL NAME | |
| Personal name | Weber, Janet. |
| 740 0# - ADDED ENTRY--UNCONTROLLED RELATED/ANALYTICAL TITLE | |
| Uncontrolled related/analytical title | Health assessment. |
| 907 ## - LOCAL DATA ELEMENT G, LDG (RLIN) | |
| a | .b10257329 |
| b | 12-11-08 |
| c | 12-11-08 |
| 942 ## - ADDED ENTRY ELEMENTS (KOHA) | |
| Koha item type | Ordinary Loan Books |
| Date last seen | Total Checkouts | Full call number | Barcode | Cost, replacement price | Price effective from | Koha item type | Lost status | Source of classification or shelving scheme | Damaged status | Not for loan | Collection | Withdrawn status | Home library | Current library | Shelving location | Date acquired | Cost, normal purchase price |
|---|---|---|---|---|---|---|---|---|---|---|---|---|---|---|---|---|---|
| 01/20/2023 | RT48 NUR | 92004010076 | 80.00 | 01/20/2023 | BOOKS | LCC | NFIC | Medical | Medical | GEN | 01/20/2023 | 80.00 |